| 000 | 01446cam a2200361 a 4500 | ||
|---|---|---|---|
| 001 | 14359770 | ||
| 003 | OSt | ||
| 005 | 20180117090003.0 | ||
| 008 | 060501s2006 caua b 001 0 eng d | ||
| 010 | _a 2006275416 | ||
| 020 | _a0970267134 : (h.c.) | ||
| 035 | _a(OCoLC)ocm62793088 | ||
| 040 |
_aCHE _cCHE _dBAKER _dDLC |
||
| 042 | _alccopycat | ||
| 050 | 0 | 0 |
_aBF722.3 _b.S38 2006 |
| 082 | 0 | 0 |
_a155.4 _221 |
| 100 | 1 |
_aSattler, Jerome M., _d1931- |
|
| 245 | 1 | 0 |
_aAssessment of children : _bbehavioral, social, and clinical foundations / _cJerome M. Sattler, Robert D. Hoge. |
| 250 | _a5th ed. | ||
| 260 |
_aSan Diego : _bJ.M. Sattler, _cc2006. |
||
| 300 |
_axvi, 800 p. : _bill. ; _c29 cm. |
||
| 500 | _aPrevious edition entitled : Assessment of children : behavioral and clinical applications. | ||
| 504 | _aIncludes bibliographical references and indexes. | ||
| 650 | 0 | _aBehavioral assessment of children. | |
| 650 | 0 | _aPersonality assessment of children. | |
| 650 | 0 |
_aChildren with disabilities _xPsychological testing. |
|
| 650 | 0 | _aPsychological tests for children. | |
| 700 | 1 |
_aHoge, Robert D., _d1939- |
|
| 906 |
_a7 _bcbc _ccopycat _d3 _encip _f20 _gy-gencatlg |
||
| 942 |
_2ddc _cBK |
||
| 999 |
_c3326 _d3326 |
||